000 01372nam a2200217Ia 4500
003 Ost
005 20260507075741.0
008 260507s9999||||xx |||||||||||||| ||und||
040 _cfsecg
041 _aara
082 _a332
100 _aحشيش، عادل أحمد
_eمؤلف
245 0 _aأساسيات الاقتصاد النقدي والمصرفي :
_bدراسة للمبادئ الحاكمة لإقتصاد النقود والبنوك والإئتمان /
_c عادل أحمد حشيش
260 _aالاسكندرية:
_bدار الجامعة الجديدة,
_c2004
300 _a351 صفحة؛
_bإيضاحات ؛
_c24 سم
520 _aبيان طبيعة النقود والتعريف بوظائفها الرئيسية وذات الطابع الاقتصادي العام،أنواع النقود المتعارف عليها والأهمية النسبية لمختلف وحدات النقد المتداول،ماهية النظام النقدي وبيان النظم النقدية المحدد للقواعد الحاكمة لتداول النقود،معالم النظريات المفسرة لقيمة النقود والآثار الاقتصادية الناتجة عما يطرأعلى هذه القيمة من تقلبات
653 _aالاقتصاد المالي
653 _aالبنوك
653 _aالنقود
942 _cكتاب
999 _c46140
_d46140